| 000 | 00716cab a2200229 4500 | ||
|---|---|---|---|
| 001 | WB3142-20 | ||
| 008 | 090401t1995 xxu||||| |||| 00| 0 eng d | ||
| 035 | _a(Sirsi) u22017 | ||
| 041 | _aeng | ||
| 245 | _aForum for northern development | ||
| 260 | _c1995 | ||
| 350 | _a0 | ||
| 490 |
_aFinancial Times _v10 November 1995, p9(1) |
||
| 520 | _aLeading northern business people have formed the Northern Business Forum in order to provide a united voice for the region`s private sector. | ||
| 650 | _aBUSINESS STRATEGY | ||
| 650 | _aECONOMIC DEVELOPMENT | ||
| 650 | _aNORTH OF ENGLAND | ||
| 650 | _aNORTHERN BUSINESS FORUM | ||
| 690 | _aPROPERTY-PROPERTY DEVELOPMENT | ||
| 942 | _n0 | ||
| 948 | _c04/03/1997 | ||
| 999 |
_c14745 _d14745 |
||